000 00542nam a2200229Ia 4500
003 OSt
005 20220928145350.0
006 a|||||r|||| 00| 0
007 ta
008 220927b |||||||| |||| 00| 0 eng d
024 _a80454
037 _cTextual
040 _aSDCL
_cSDCL
_beng
041 _2eng
_aeng
082 _aG:424-33, L5
100 _aDoelle H W
_9512826
245 0 _aBacterial metabolism.
250 _a2
260 _c1975
942 _hG:424-33, L5
_cTEXL
_2CC
999 _c833477
_d833477